Library Banner

قدیم تہزیب اور جدید انسان (Record no. 66677)

MARC details
000 -LEADER
fixed length control field 00481nam a22001577a 4500
005 - DATE AND TIME OF LATEST TRANSACTION
control field 20150227161945.0
008 - FIXED-LENGTH DATA ELEMENTS--GENERAL INFORMATION
fixed length control field 150227b xxu||||| |||| 00| 0 eng d
040 ## - CATALOGING SOURCE
Transcribing agency PK-LaUMT
082 ## - DEWEY DECIMAL CLASSIFICATION NUMBER
Classification number KHC 306.220
Item number ROO-Q
100 ## - MAIN ENTRY--PERSONAL NAME
Personal name روتھ بینی ڈکٹ
245 ## - TITLE STATEMENT
Title قدیم تہزیب اور جدید انسان
Statement of responsibility, etc روتھ بینی ڈکٹ
260 ## - PUBLICATION, DISTRIBUTION, ETC. (IMPRINT)
Place of publication, distribution, etc لاہور
Name of publisher, distributor, etc مکتبہ معین الادب
Date of publication, distribution, etc 1969
300 ## - PHYSICAL DESCRIPTION
Extent 375 ص
700 ## - ADDED ENTRY--PERSONAL NAME
Personal name قاسم محمود(ترجمہ
942 ## - ADDED ENTRY ELEMENTS (KOHA)
Koha item type Books
Holdings
Withdrawn status Lost status Damaged status Home library Current library Date acquired Full call number Barcode Date last seen Price effective from Koha item type
      UMT Main Campus UMT Main Campus 2015-02-27 KHC 306.220 ROO-Q 72985 2015-02-27 2015-02-27 Books